000 00751nab a2200265 a 4500
001 56223
003 127219
005 20201118103205.0
008 ||||||n9999 ||| || ||
041 _aspa
100 _aArenas Bonilla, Roberto
245 0 _aDel frente nacional a la democracia total :
_bmemoria del Ministro de Gobierno 1972-1974
260 _aBogotá :
_bMinisterio de Gobierno,
_c1975.
300 _a215p.
562 _e1
650 _aCOLOMBIA
650 _aCOLOMBIA--HISTORIA--FRENTE NACIONAL, 1958-1974
650 _aDEMOCRACIA
650 _aGOBIERNO
650 _aHISTORIA POLÍTICA
650 _aINDÍGENAS
650 _aOPINIÓN PÚBLICA
773 _039222
_aMemorias del Ministro de Gobierno
942 _cDO-GO
999 _c56223
_d56223